000 00801nam a2200253Ia 4500
001 dia_4037
003 CHAP
005 20230111183027.0
007 ta
008 220601s9999 mx f 000 0 spa d
040 _amxchpua
_cCHAP
090 _aFOLLETO 2582
100 1 _aSecretaría de salud dirección general de control sanitario de bienes y servicios
_9147843
245 1 0 _aCriterios para la verificación de la venta de productos pesqueros /
_cS.A.A. México
260 _aMéxico :
_bS.A.A.,
300 _a24 páginas
500 _aD.
650 1 7 _aProductos pesqueros
_992201
_xInspección
650 1 7 _aProductos pesqueros
_992201
_xHigiene
901 _aFOLLETO 2582
902 _aM
905 _a0000001996 mx a 0000000000spa00
942 _cFOLL
_2local
999 _c209260
_d209260